[Event "32nd ECC Open 2016"]
[Site "Novi Sad SRB"]
[Date "2016.11.11"]
[Round "6.27"]
[Board "6"]
[White "Norgaard, Poul"]
[Black "Buyukasik, Betul"]
[Result "0-1"]
[WhiteElo "1839"]
[BlackElo "1524"]
[WhiteTeam "Nordea Skanderborg"]
[BlackTeam "Hatay Metropolitan"]
[WhiteFideId "1449885"]
[BlackFideId "6319599"]
[EventDate "2016.11.06"]

1. e4 c5 2. c3 d5 3. exd5 Qxd5 4. d4 Nc6 5. dxc5 Qxc5 6. Be3 Qa5 7. Nf3 Nf6 8.
Be2 Bg4 9. h3 Bh5 10. Qb3 Qc7 11. Nbd2 Rd8 12. Bb5 Nd7 13. O-O a6 14. Be2 e6 15.
Rfe1 h6 16. Ne4 Bg6 17. Ned2 b5 18. a3 Nc5 19. Bxc5 Bxc5 20. Rad1 O-O 21. Nf1
Qb6 22. Ne3 Bxe3 23. fxe3 Qxe3+ 24. Kf1 Qf4 25. c4 Na5 26. Qc3 Nxc4 27. Bxc4
Qxc4+ 28. Qxc4 bxc4 29. Ne5 Bc2 30. Rc1 Bb3 31. Kf2 Rd5 32. Nxc4 Bxc4 33. Rxc4
Rd2+ 34. Re2 Rfd8 35. Rc2 Rxc2 36. Rxc2 Kf8 37. Ke3 Rd6 38. b4 Rb6 39. Kd4 Rd6+
40. Kc5 Ke7 41. Kc4 Rc6+ 42. Kb3 Rxc2 43. Kxc2 Kd6 44. Kd3 Kd5 45. a4 e5 46. Ke3
f5 47. g3 Kc4 48. b5 axb5 0-1

[Event "32nd ECC Open 2016"]
[Site "Novi Sad SRB"]
[Date "2016.11.11"]
[Round "6.28"]
[Board "1"]
[White "Petrov, Nikita"]
[Black "Heinzel, Olaf"]
[Result "1/2-1/2"]
[WhiteTitle "IM"]
[BlackTitle "IM"]
[WhiteElo "2509"]
[BlackElo "2358"]
[WhiteTeam "Club d'Echecs de Geneve"]
[BlackTeam "Gambit Bonnevoie"]
[WhiteFideId "4101286"]
[BlackFideId "4626664"]
[EventDate "2016.11.06"]

1. e4 d5 2. exd5 Qxd5 3. Nc3 Qd8 4. d4 Nf6 5. Nf3 Bg4 6. h3 Bxf3 7. Qxf3 c6 8.
Bf4 e6 9. O-O-O Bb4 10. Kb1 Bxc3 11. Qxc3 Nd5 12. Qg3 Nxf4 13. Qxf4 Nd7 14. g4
Qe7 15. Bc4 O-O-O 16. h4 Nb6 17. Bb3 Nd5 18. Qe4 Rd7 19. h5 Nf6 20. Qf4 Nd5 21.
Qe5 Qf6 22. Qxf6 Nxf6 23. f3 h6 24. c3 Rc7 25. f4 Kd8 26. Rhg1 Ke7 27. Rde1 Kd6
28. Re5 Nd7 29. Re2 Nf6 30. Rd2 Ke7 31. Re2 Kd6 32. Bd1 c5 33. Rd2 cxd4 34.
Rxd4+ Ke7 35. Bf3 Rd8 36. g5 Ne8 37. Rxd8 Kxd8 38. Kc2 Ke7 1/2-1/2

[Event "32nd ECC Open 2016"]
[Site "Novi Sad SRB"]
[Date "2016.11.11"]
[Round "6.28"]
[Board "2"]
[White "Rusev, Rosen Yordanov"]
[Black "Vuilleumier, Alexandre"]
[Result "0-1"]
[WhiteTitle "FM"]
[BlackTitle "IM"]
[WhiteElo "2364"]
[BlackElo "2350"]
[WhiteTeam "Gambit Bonnevoie"]
[BlackTeam "Club d'Echecs de Geneve"]
[WhiteFideId "2904187"]
[BlackFideId "1305662"]
[EventDate "2016.11.06"]

1. d4 d6 2. Nf3 f5 3. g3 Nf6 4. Bg2 g6 5. c4 Bg7 6. O-O O-O 7. Nc3 c6 8. Re1 Na6
9. b3 Ne4 10. Bb2 Nxc3 11. Bxc3 Nc5 12. Bb2 Ne4 13. Qc2 Bd7 14. Nd2 Nxd2 15.
Qxd2 e5 16. dxe5 dxe5 17. Rad1 Be6 18. Qd6 Qxd6 19. Rxd6 Rfe8 20. e4 Rad8 21.
Rxd8 Rxd8 22. exf5 Bxf5 23. h3 Kf7 24. g4 Be6 25. Bxe5 Bxe5 26. Rxe5 Rd2 27. Ra5
a6 28. Ra4 Ke7 29. Be4 Kd6 30. Kg2 Bc8 31. Kf3 c5 32. Ke3 Rb2 33. g5 b6 34. h4
a5 35. Ra3 Bf5 36. Bxf5 gxf5 37. h5 Ke5 38. f4+ Ke6 39. Kf3 Rh2 40. h6 Kf7 41.
Kg3 Rc2 42. b4 cxb4 43. Re3 Rxc4 44. Re5 Rc5 45. Kf3 a4 46. Re3 Rd5 47. Ke2 Rd7
48. Kf3 b3 49. axb3 a3 50. g6+ Kxg6 51. Re6+ Kh5 52. Rxb6 Rd3+ 53. Ke2 Rh3 54.
b4 Kg4 55. Ra6 a2 56. Kf2 Rxh6 57. Ra7 Rh2+ 58. Kg1 Rb2 0-1

[Event "32nd ECC Open 2016"]
[Site "Novi Sad SRB"]
[Date "2016.11.11"]
[Round "6.28"]
[Board "3"]
[White "Fioramonti, Hung"]
[Black "Dishman, Stephen"]
[Result "0-1"]
[WhiteTitle "IM"]
[WhiteElo "2325"]
[BlackElo "2330"]
[WhiteTeam "Club d'Echecs de Geneve"]
[BlackTeam "Gambit Bonnevoie"]
[WhiteFideId "1300202"]
[BlackFideId "403024"]
[EventDate "2016.11.06"]

1. Nf3 d5 2. c4 c6 3. e3 Nf6 4. Nc3 a6 5. d4 Bf5 6. Be2 h6 7. O-O e6 8. Bd2 Nbd7
9. Qb3 b5 10. cxd5 cxd5 11. Rfc1 Bd6 12. Nd1 Qb6 13. a4 b4 14. a5 Qb7 15. Qa4
Ke7 16. Rc6 Rac8 17. Rac1 Rxc6 18. Qxc6 Qxc6 19. Rxc6 Nb8 20. Rb6 Nfd7 21. Rb7
Nc6 22. Ne5 Bxe5 23. dxe5 Kd8 24. f4 Kc8 25. Rxb4 Nxb4 26. Bxb4 Kb7 27. Nc3 Rc8
28. Bd6 Nc5 29. g4 Be4 30. Kf2 Bd3 31. Bf3 Bc4 32. b4 Nd3+ 33. Kg3 Bb3 34. Ne2
Bd1 35. f5 Bxe2 36. Bxe2 Rc3 37. Bf8 Nxe5 38. Bxg7 Rxe3+ 39. Kf2 Re4 40. h3 exf5
41. gxf5 Rf4+ 42. Ke3 Rxf5 43. Bxh6 Nc6 44. Bf8 Re5+ 45. Kf2 Nd4 46. Bd3 Ne6 47.
Bd6 Rh5 48. Kg3 Kc6 49. Be7 Rxh3+ 50. Kxh3 Nf4+ 51. Kg4 Nxd3 52. Kf5 Kb5 53. Kf6
Nxb4 54. Kxf7 d4 55. Ke6 Kc4 56. Kd6 Kb5 57. Bg5 d3 58. Bd2 Kc4 59. Kc7 Kc5 60.
Be3+ Kb5 61. Kd6 Nc2 0-1

[Event "32nd ECC Open 2016"]
[Site "Novi Sad SRB"]
[Date "2016.11.11"]
[Round "6.28"]
[Board "4"]
[White "Bednarich, Jan"]
[Black "Gerber, Richard"]
[Result "0-1"]
[WhiteTitle "FM"]
[BlackTitle "IM"]
[WhiteElo "2246"]
[BlackElo "2326"]
[WhiteTeam "Gambit Bonnevoie"]
[BlackTeam "Club d'Echecs de Geneve"]
[WhiteFideId "806730"]
[BlackFideId "1300652"]
[EventDate "2016.11.06"]

1. d4 Nf6 2. Nf3 g6 3. Bf4 Bg7 4. h3 O-O 5. e3 b6 6. Be2 Bb7 7. O-O d6 8. c4 Ne4
9. Nbd2 Nd7 10. Bh2 e5 11. Nxe4 Bxe4 12. Rc1 Qe7 13. Re1 a5 14. Qa4 g5 15. Red1
Bxf3 16. Bxf3 Rad8 17. Qc6 Nb8 18. Qb7 Rd7 19. Bg4 f5 20. Bxf5 Rxf5 21. Qxb8+
Rd8 22. Qb7 exd4 23. exd4 Re8 24. Bg3 h5 25. c5 dxc5 26. dxc5 Rxc5 27. Rxc5 bxc5
28. Bxc7 Qf7 29. Qb5 Bd4 30. Bxa5 Qxf2+ 31. Kh1 Re2 32. Qb8+ Kg7 33. Qb7+ Kg6
34. Qc6+ Qf6 35. Qxf6+ Kxf6 36. Bd8+ Ke5 37. Bxg5 Rxb2 38. a4 Ra2 39. Bh6 Ke4
40. Re1+ Kd3 41. g4 hxg4 42. hxg4 c4 43. g5 Be3 44. Bg7 Bxg5 45. Ra1 Rf2 46.
Ra3+ Ke4 47. a5 Be3 48. Rc3 Rf5 49. Rxc4+ Kf3 50. Rc2 Rd5 51. Bf8 Rd1+ 0-1

[Event "32nd ECC Open 2016"]
[Site "Novi Sad SRB"]
[Date "2016.11.11"]
[Round "6.28"]
[Board "5"]
[White "Landenbergue, Claude"]
[Black "Upton, Timothy J"]
[Result "1-0"]
[WhiteTitle "IM"]
[BlackTitle "FM"]
[WhiteElo "2334"]
[BlackElo "2142"]
[WhiteTeam "Club d'Echecs de Geneve"]
[BlackTeam "Gambit Bonnevoie"]
[WhiteFideId "1300130"]
[BlackFideId "2400260"]
[EventDate "2016.11.06"]

1. c4 e6 2. Nf3 d5 3. g3 Nf6 4. Bg2 Be7 5. O-O O-O 6. b3 b6 7. Bb2 Bb7 8. e3
Nbd7 9. Qe2 a5 10. Nc3 dxc4 11. bxc4 Nc5 12. d4 Nce4 13. Nxe4 Bxe4 14. Ne5 Bxg2
15. Kxg2 Nd7 16. Nc6 Qe8 17. Qg4 f5 18. Qf3 Bd6 19. Rad1 Nf6 20. d5 exd5 21.
cxd5 Ne4 22. Qe2 a4 23. f3 Nc5 24. Bd4 Nd7 25. e4 fxe4 26. fxe4 Rxf1 27. Rxf1
Ne5 28. Bxe5 Bxe5 29. Rf5 Ba1 30. e5 a3 31. Qf3 Bb2 32. d6 cxd6 33. Qd5+ Kh8 34.
exd6 Bf6 35. d7 Qg8 36. Qxg8+ Kxg8 37. Rxf6 1-0

[Event "32nd ECC Open 2016"]
[Site "Novi Sad SRB"]
[Date "2016.11.11"]
[Round "6.28"]
[Board "6"]
[White "Stern, Geoffrey"]
[Black "Kovacevic, Vladimir"]
[Result "0-1"]
[WhiteElo "1921"]
[BlackElo "2160"]
[WhiteTeam "Gambit Bonnevoie"]
[BlackTeam "Club d'Echecs de Geneve"]
[WhiteFideId "4002679"]
[BlackFideId "906662"]
[EventDate "2016.11.06"]

1. d4 Nf6 2. Nc3 e6 3. Nf3 c5 4. d5 d6 5. e4 e5 6. Be2 a6 7. a4 b6 8. O-O Bg4 9.
Nd2 Bxe2 10. Qxe2 Be7 11. Nc4 Qc7 12. f4 Nbd7 13. fxe5 Nxe5 14. Nxe5 dxe5 15.
Be3 O-O 16. Rad1 Qd6 17. Rd2 Ne8 18. Qg4 Rd8 19. Rdf2 Qg6 20. Qe2 Nd6 21. Bc1 b5
22. Rf3 Qg4 23. Re3 Qxe2 24. Rxe2 Rb8 25. b3 Rfc8 26. Bb2 f6 27. Ra1 b4 28. Nd1
c4 29. bxc4 Rxc4 30. Nf2 Rbc8 31. Rc1 Bd8 32. Kf1 Bb6 33. a5 Bxf2 34. Kxf2 R8c5
35. Kf3 Rxa5 36. Ra1 Rxa1 37. Bxa1 a5 0-1

[Event "32nd ECC Open 2016"]
[Site "Novi Sad SRB"]
[Date "2016.11.11"]
[Round "6.29"]
[Board "1"]
[White "Sreeves, Clement"]
[Black "Villegas, Pierre"]
[Result "0-1"]
[WhiteTitle "FM"]
[BlackTitle "FM"]
[WhiteElo "2356"]
[BlackElo "2344"]
[WhiteTeam "Edinburgh Chess Club"]
[BlackTeam "Cercle d'Echecs Monte-Carlo"]
[WhiteFideId "2402564"]
[BlackFideId "654183"]
[EventDate "2016.11.06"]

1. e4 c6 2. d4 d5 3. Nc3 dxe4 4. Nxe4 Bf5 5. Ng3 Bg6 6. h4 h6 7. Nf3 e6 8. Ne5
Bh7 9. Bd3 Bxd3 10. Qxd3 Nd7 11. f4 Be7 12. Bd2 Nxe5 13. fxe5 Bxh4 14. O-O-O
Bxg3 15. Qxg3 Ne7 16. Qxg7 Rg8 17. Qh7 Rxg2 18. d5 cxd5 19. Rhf1 Nf5 20. Rxf5
exf5 21. Bxh6 Qc7 22. Qxf5 Qc6 23. Bd2 Qe6 24. Qf3 Rg4 25. Be3 Re4 26. Bd4 b6
27. b3 O-O-O 28. Qd3 Kb7 29. Rf1 Rd7 30. a4 Qg4 31. Rd1 Qe2 32. Qh3 Rc7 33. Rd2
Qe1+ 34. Rd1 Qe2 35. Rd2 Qe1+ 36. Rd1 Qb4 37. Qd3 Re1 38. Rxe1 Qxe1+ 39. Kb2 Qe4
40. Qd2 Rxc2+ 41. Qxc2 Qxd4+ 42. Qc3 Qxc3+ 43. Kxc3 a5 44. Kd3 Kc7 45. Ke3 Kd7
46. Kd3 Ke7 47. Ke3 f5 48. exf6+ Kxf6 49. Kd4 Ke6 50. Kc3 Ke5 51. b4 Ke4 52.
bxa5 bxa5 53. Kd2 Kd4 54. Kc2 Ke3 55. Kd1 Kd3 56. Kc1 Ke2 57. Kc2 d4 0-1

[Event "32nd ECC Open 2016"]
[Site "Novi Sad SRB"]
[Date "2016.11.11"]
[Round "6.29"]
[Board "2"]
[White "Ribbegren, Karl Johan"]
[Black "Berry, Neil"]
[Result "1/2-1/2"]
[BlackTitle "FM"]
[WhiteElo "2248"]
[BlackElo "2299"]
[WhiteTeam "Cercle d'Echecs Monte-Carlo"]
[BlackTeam "Edinburgh Chess Club"]
[WhiteFideId "5400040"]
[BlackFideId "2400650"]
[EventDate "2016.11.06"]

1. Nf3 d5 2. c4 d4 3. b4 f6 4. e3 e5 5. c5 a5 6. Bb5+ c6 7. Bc4 axb4 8. Nxe5
fxe5 9. Qh5+ g6 10. Qxe5+ Qe7 11. Qxh8 Nf6 12. Bb2 Be6 13. Bxe6 Qxe6 14. a3 b3
15. Bxd4 Nbd7 16. Nc3 O-O-O 17. Na4 Bh6 18. Nb6+ Kc7 19. Na8+ Kc8 20. Nb6+ Kc7
21. Na8+ Kc8 22. Nb6+ 1/2-1/2

[Event "32nd ECC Open 2016"]
[Site "Novi Sad SRB"]
[Date "2016.11.11"]
[Round "6.29"]
[Board "3"]
[White "Mcgowan, Daniel"]
[Black "Efimov, Igor"]
[Result "1/2-1/2"]
[BlackTitle "GM"]
[WhiteElo "2156"]
[BlackElo "2395"]
[WhiteTeam "Edinburgh Chess Club"]
[BlackTeam "Cercle d'Echecs Monte-Carlo"]
[WhiteFideId "2401479"]
[BlackFideId "806404"]
[EventDate "2016.11.06"]

1. e4 g6 2. d4 Bg7 3. Nf3 d6 4. h3 a6 5. a4 Nf6 6. Bd3 c5 7. c3 cxd4 8. cxd4 Nc6
9. Nc3 Nd7 10. Be3 O-O 11. O-O h6 12. Qd2 Kh7 13. Rac1 e6 14. d5 Nb4 15. dxe6
Nc5 16. Bc2 Bxe6 17. Bd4 a5 18. Bxg7 Kxg7 19. Qd4+ Kh7 20. e5 Nxc2 21. Rxc2 Bf5
22. Re2 Bd3 23. exd6 Bxe2 24. Nxe2 Ne6 25. Qe5 Re8 26. Nc3 Ng5 27. Qf4 Nxf3+ 28.
Qxf3 Kg7 29. Nb5 Rc8 30. Qxb7 Rc2 31. Qd5 Qf6 32. Qd4 Rxb2 33. Rd1 Qxd4 34. Nxd4
Kf6 35. Nb5 Rd8 36. Rc1 Rd7 37. Rc8 1/2-1/2

[Event "32nd ECC Open 2016"]
[Site "Novi Sad SRB"]
[Date "2016.11.11"]
[Round "6.29"]
[Board "4"]
[White "Van Hoolandt, Patrick"]
[Black "Kafka, Graeme"]
[Result "1-0"]
[WhiteTitle "FM"]
[WhiteElo "2156"]
[BlackElo "2061"]
[WhiteTeam "Cercle d'Echecs Monte-Carlo"]
[BlackTeam "Edinburgh Chess Club"]
[WhiteFideId "200999"]
[BlackFideId "2401487"]
[EventDate "2016.11.06"]

1. d4 d5 2. c4 c6 3. cxd5 cxd5 4. Nf3 Nc6 5. Nc3 Nf6 6. Bf4 Bf5 7. e3 e6 8. Qb3
Bb4 9. Bb5 O-O 10. Bxc6 Bxc3+ 11. Qxc3 Ne4 12. Qa3 bxc6 13. Rc1 g5 14. Bg3 Qb6
15. Ne5 Qb5 16. f3 Nxg3 17. hxg3 f6 18. Rc5 fxe5 19. Rxb5 cxb5 20. Rh5 exd4 21.
Rxg5+ Bg6 22. exd4 Rac8 23. Re5 Rc4 24. Qxa7 Rc1+ 25. Kf2 Rc2+ 26. Re2 Rfc8 27.
b3 Rxe2+ 28. Kxe2 Rc2+ 29. Ke3 Rxg2 30. Kf4 1-0

[Event "32nd ECC Open 2016"]
[Site "Novi Sad SRB"]
[Date "2016.11.11"]
[Round "6.29"]
[Board "5"]
[White "White, Alastair F"]
[Black "Nelis, Jean-Francois"]
[Result "1/2-1/2"]
[WhiteElo "2078"]
[BlackElo "2158"]
[WhiteTeam "Edinburgh Chess Club"]
[BlackTeam "Cercle d'Echecs Monte-Carlo"]
[WhiteFideId "2402041"]
[BlackFideId "623830"]
[EventDate "2016.11.06"]

1. e4 c5 2. b3 e6 3. Bb2 a6 4. Nc3 Nc6 5. f4 d5 6. e5 Nge7 7. Nf3 b5 8. a3 Bd7
9. Ne2 g6 10. c4 Qc7 11. Qc2 dxc4 12. bxc4 Nf5 13. Ng5 Be7 14. Ne4 O-O-O 15.
Nd6+ Bxd6 16. exd6 Qxd6 17. Bxh8 Rxh8 18. g3 Ncd4 19. Nxd4 Nxd4 20. Qc3 Bc6 21.
Rg1 Nf3+ 22. Kd1 Rd8 23. Rg2 Nd4 24. Rf2 bxc4 25. h4 Ba4+ 26. Kc1 Nb3+ 27. Kb2
Nxa1 28. Kxa1 Bc6 29. Bg2 Bxg2 30. Rxg2 Qc6 31. Re2 Rd4 1/2-1/2

[Event "32nd ECC Open 2016"]
[Site "Novi Sad SRB"]
[Date "2016.11.11"]
[Round "6.29"]
[Board "6"]
[White "Rapaire, Jean-michel"]
[Black "Antunes, Andre"]
[Result "0-1"]
[WhiteElo "1779"]
[BlackElo "1987"]
[WhiteTeam "Cercle d'Echecs Monte-Carlo"]
[BlackTeam "Edinburgh Chess Club"]
[WhiteFideId "5400023"]
[BlackFideId "1903292"]
[EventDate "2016.11.06"]

1. e4 e6 2. d4 d5 3. exd5 exd5 4. Bf4 Bd6 5. Bxd6 Qxd6 6. c3 Bf5 7. Nf3 Nd7 8.
Bd3 Bxd3 9. Qxd3 O-O-O 10. O-O f6 11. Re1 g5 12. Qf5 Nh6 13. Qe6 Qf4 14. Qe3 Qf5
15. Na3 Qg6 16. Qd2 Nf5 17. Qd3 g4 18. Nd2 Rde8 19. Nc2 Qg5 20. Ne3 Nh4 21. g3
Ng6 22. Qf5 Rxe3 23. Qxg5 Rxe1+ 0-1

[Event "32nd ECC Open 2016"]
[Site "Novi Sad SRB"]
[Date "2016.11.11"]
[Round "6.30"]
[Board "1"]
[White "Moran, Stephen"]
[Black "Hansen, Torbjorn Ringdal"]
[Result "0-1"]
[BlackTitle "GM"]
[WhiteElo "2180"]
[BlackElo "2448"]
[WhiteTeam "Trinity College Dublin"]
[BlackTeam "Sjakklubben AV 1911"]
[WhiteFideId "2501872"]
[BlackFideId "1501720"]
[EventDate "2016.11.06"]

1. d4 Nf6 2. c4 g6 3. f3 Bg7 4. e4 O-O 5. Nc3 d6 6. Be3 Nc6 7. Nge2 a6 8. Qd2
Na5 9. Ng3 b5 10. cxb5 axb5 11. Bxb5 Nb3 12. Qd1 Nxa1 13. Qxa1 Ba6 14. Bxa6 Rxa6
15. O-O c6 16. Nge2 Qa5 17. Rc1 Rb8 18. Rc2 Nd7 19. Qd1 c5 20. dxc5 Nxc5 21. Bd4
Bxd4+ 22. Qxd4 Qb4 23. Qxb4 Rxb4 24. b3 e6 25. Kf1 f5 26. exf5 gxf5 27. Rd2 Kf7
28. Kf2 Rb7 29. Ke3 e5 30. g3 Ke6 31. Nd5 Nd7 32. Ndc3 Nf6 33. Kd3 Rc6 34. Kc2
d5 35. Kb2 d4 36. Nb1 Rd7 37. Na3 d3 38. Nc1 e4 39. Nc4 h5 40. a4 Nd5 41. a5 Rb7
42. Ka3 Nc3 43. Kb2 Rxc4 44. a6 0-1

[Event "32nd ECC Open 2016"]
[Site "Novi Sad SRB"]
[Date "2016.11.11"]
[Round "6.30"]
[Board "2"]
[White "Elsness, Frode"]
[Black "Menzies, Colin"]
[Result "1-0"]
[WhiteTitle "IM"]
[WhiteElo "2442"]
[BlackElo "2144"]
[WhiteTeam "Sjakklubben AV 1911"]
[BlackTeam "Trinity College Dublin"]
[WhiteFideId "1501100"]
[BlackFideId "2502755"]
[EventDate "2016.11.06"]

1. d4 Nf6 2. c4 b6 3. f3 e6 4. e4 Bb4+ 5. Nc3 Nc6 6. Ne2 e5 7. d5 Bxc3+ 8. Nxc3
Nd4 9. f4 d6 10. Be3 Bg4 11. Qd2 O-O 12. Bxd4 exd4 13. Qxd4 Re8 14. Bd3 Nxe4 15.
Bxe4 f5 16. h3 Bh5 17. g4 1-0

[Event "32nd ECC Open 2016"]
[Site "Novi Sad SRB"]
[Date "2016.11.11"]
[Round "6.30"]
[Board "3"]
[White "Bourached, Anthony"]
[Black "Risting, Eivind Olav"]
[Result "0-1"]
[BlackTitle "FM"]
[WhiteElo "1941"]
[BlackElo "2175"]
[WhiteTeam "Trinity College Dublin"]
[BlackTeam "Sjakklubben AV 1911"]
[WhiteFideId "2504456"]
[BlackFideId "1517333"]
[EventDate "2016.11.06"]

1. d4 Nf6 2. c4 c5 3. d5 b5 4. Qc2 bxc4 5. e4 d6 6. Bxc4 g6 7. Nf3 Bg7 8. O-O
O-O 9. h3 Ba6 10. Nbd2 Qa5 11. a3 Nfd7 12. Rb1 Nb6 13. b3 Nxc4 14. Nxc4 Bxc4 15.
bxc4 Nd7 16. Rb5 Qc7 17. Bb2 Bxb2 18. Rxb2 Rfb8 19. Rxb8+ Rxb8 20. Re1 Qb6 21.
e5 Nxe5 22. Nxe5 dxe5 23. Rxe5 Qb1+ 24. Qxb1 Rxb1+ 25. Kh2 Kf8 26. Re3 a5 27.
Kg3 Rc1 28. Kf3 Rxc4 29. Ke2 a4 30. Kd3 Rd4+ 31. Kc3 Ke8 32. Rd3 Rxd3+ 33. Kxd3
Kd7 34. Kc4 Kd6 35. h4 e6 36. dxe6 fxe6 37. f3 h5 38. g3 e5 39. Kc3 Kd5 40. Kd3
c4+ 0-1

[Event "32nd ECC Open 2016"]
[Site "Novi Sad SRB"]
[Date "2016.11.11"]
[Round "6.30"]
[Board "4"]
[White "Ranaldi, Lucas"]
[Black "Tirziman, Rudolf"]
[Result "1-0"]
[WhiteElo "2292"]
[BlackElo "1991"]
[WhiteTeam "Sjakklubben AV 1911"]
[BlackTeam "Trinity College Dublin"]
[WhiteFideId "1519484"]
[BlackFideId "2508664"]
[EventDate "2016.11.06"]

1. Nf3 e6 2. d4 Nf6 3. Bg5 d5 4. e3 c5 5. c3 Qb6 6. Qc2 Bd7 7. Nbd2 Be7 8. Ne5
cxd4 9. exd4 O-O 10. a4 Rc8 11. Bd3 h6 12. Bh4 Be8 13. O-O Nc6 14. Nxc6 Rxc6 15.
f4 Qd8 16. Nf3 Nd7 17. Bxe7 Qxe7 18. Ne5 Rc7 19. Rae1 Nf8 20. f5 Qd8 21. Ng4
exf5 22. Bxf5 Re7 23. Ne5 Nd7 24. Nd3 Nf6 25. Qb3 b6 26. Qa3 Rc7 27. Ne5 Qe7 28.
Qb3 Qd6 29. Re3 Rb8 30. Nd3 Bd7 31. Bxd7 Rxd7 32. h3 Ne4 33. Qd1 Re7 34. Rfe1
Rbe8 35. Qc1 Qd7 36. Nb4 Qd6 37. Nd3 Qc6 38. Qc2 Qd6 39. Ne5 f6 40. Nd3 Ng5 41.
Rxe7 Rxe7 42. Qf2 Rxe1+ 43. Qxe1 Qd7 44. b3 Qf5 45. Qe2 Kf7 46. c4 dxc4 47. bxc4
Qe4 48. Qxe4 Nxe4 49. Nb2 Nd6 50. Kf2 Nf5 51. d5 Ke7 52. g4 Nh4 53. Nd3 Ng6 54.
Ke3 Kd6 55. Kd4 Nh4 56. a5 f5 57. axb6 axb6 58. gxf5 Nxf5+ 59. Ke4 Ne7 60. Ne5
Kc5 61. Nf7 Nc8 62. Ke5 Kxc4 63. d6 b5 64. d7 Ne7 65. Ke6 Nc6 66. Ne5+ Nxe5 67.
Kxe5 b4 68. d8=Q 1-0

[Event "32nd ECC Open 2016"]
[Site "Novi Sad SRB"]
[Date "2016.11.11"]
[Round "6.30"]
[Board "5"]
[White "Delaney, Rory"]
[Black "Kjolberg, Jens Hjorth"]
[Result "0-1"]
[WhiteElo "1967"]
[BlackElo "2145"]
[WhiteTeam "Trinity College Dublin"]
[BlackTeam "Sjakklubben AV 1911"]
[WhiteFideId "2502208"]
[BlackFideId "1508172"]
[EventDate "2016.11.06"]

1. c4 c5 2. g3 Nc6 3. Bg2 g6 4. Nf3 Bg7 5. O-O e6 6. Nc3 Nge7 7. a3 O-O 8. Qc2
b6 9. Rb1 Bb7 10. b4 d6 11. d3 e5 12. e3 h6 13. Nd2 Qd7 14. Qa4 f5 15. Nd5 Rae8
16. Nb3 Kh7 17. Nxe7 Rxe7 18. b5 Na5 19. Nxa5 Bxg2 20. Kxg2 bxa5 21. e4 Ref7 22.
f3 g5 23. Rb2 fxe4 24. dxe4 g4 25. Rbf2 gxf3+ 26. Rxf3 Rxf3 27. Rxf3 Rxf3 28.
Kxf3 Qh3 29. Qc2 Qf1+ 30. Kg4 Kg6 0-1

[Event "32nd ECC Open 2016"]
[Site "Novi Sad SRB"]
[Date "2016.11.11"]
[Round "6.30"]
[Board "6"]
[White "Berntsen-Oybo, August"]
[Black "Benson, Oisin P."]
[Result "0-1"]
[WhiteElo "1974"]
[BlackElo "1972"]
[WhiteTeam "Sjakklubben AV 1911"]
[BlackTeam "Trinity College Dublin"]
[WhiteFideId "1520555"]
[BlackFideId "2501821"]
[EventDate "2016.11.06"]

1. d4 Nf6 2. Nf3 g6 3. g3 Bg7 4. Bg2 O-O 5. O-O d6 6. c4 Nbd7 7. Nc3 e5 8. e3 c6
9. Bd2 e4 10. Ne1 d5 11. cxd5 cxd5 12. Rc1 Nb6 13. b3 Bg4 14. Ne2 Qd7 15. Bc3
Qb5 16. f3 exf3 17. Bxf3 Bh6 18. Bd2 Bxf3 19. Rxf3 Ne4 20. Nc3 Nxc3 21. Rxc3
Rac8 22. a4 Qd7 23. Rxc8 Nxc8 24. Nd3 f5 25. Ne5 Qe6 26. g4 Bg7 27. Bb4 fxg4 28.
Rxf8+ Bxf8 29. Bxf8 Kxf8 30. Qxg4 Qxg4+ 31. Nxg4 Ke7 32. Kg2 Nd6 33. Nf2 Ke6 34.
Kf3 Kf5 35. Nd3 g5 36. h3 h5 37. Nf2 a5 38. Nd3 Ne4 39. b4 b6 40. bxa5 bxa5 41.
Ne5 Nd2+ 42. Ke2 Nc4 43. Nd3 Nb6 44. Nc5 g4 45. hxg4+ Kxg4 46. Kf2 h4 47. e4
dxe4 48. Nxe4 Nxa4 49. d5 Nb6 50. d6 Nd7 51. Nc3 Kf4 52. Kg2 Ke5 53. Nb5 Kd5 54.
Kh3 Kc5 55. Nc3 Nb6 56. Kxh4 Kxd6 57. Kg3 Kc5 58. Kf3 Kb4 59. Nb1 Kb3 60. Ke3
Kb2 61. Nd2 a4 62. Ne4 a3 63. Nc5 a2 0-1

[Event "32nd ECC Open 2016"]
[Site "Novi Sad SRB"]
[Date "2016.11.11"]
[Round "6.31"]
[Board "1"]
[White "Guxho, Clirim"]
[Black "Williams, A. Howard"]
[Result "1/2-1/2"]
[BlackTitle "FM"]
[WhiteElo "2101"]
[BlackElo "2323"]
[WhiteTeam "Butrinti"]
[BlackTeam "Cardigan"]
[WhiteFideId "4700996"]
[BlackFideId "1800043"]
[EventDate "2016.11.06"]
[EventType "tourn (corr)"]

1. c4 Nf6 2. Nc3 e6 3. g3 d5 4. Bg2 d4 5. Nb1 e5 6. d3 Nc6 7. Bg5 Be7 8. Nd2 O-O
9. Ngf3 a5 10. a3 Nd7 11. Bxe7 Qxe7 12. O-O Nc5 13. Ne4 Nxe4 14. dxe4 Be6 15.
Qa4 Bg4 16. Rfd1 Nb8 17. Qb5 Nd7 18. b4 Ra7 19. c5 Rfa8 20. Rab1 axb4 21. axb4
c6 22. Qc4 Ra2 23. Rd2 R2a3 24. Qc1 Qe6 25. Rc2 Bxf3 26. Bxf3 g6 27. Kg2 Nf6 28.
h3 Ne8 29. b5 Nc7 30. Bg4 Qe8 31. bxc6 bxc6 32. Rb7 Ne6 33. h4 h5 34. Bh3 d3 35.
exd3 Rxd3 36. Bxe6 Qxe6 37. Qg5 Re8 38. Rd2 Rxd2 39. Qxd2 Qc4 40. Qb4 Qd4 41.
Qxd4 exd4 42. Rc7 Rxe4 43. Rxc6 d3 44. Kf3 d2 45. Rd6 Rc4 1/2-1/2

[Event "32nd ECC Open 2016"]
[Site "Novi Sad SRB"]
[Date "2016.11.11"]
[Round "6.31"]
[Board "2"]
[White "Jones, Iolo C"]
[Black "Mihasi, Lime"]
[Result "1-0"]
[WhiteTitle "FM"]
[WhiteElo "2172"]
[BlackElo "2039"]
[WhiteTeam "Cardigan"]
[BlackTeam "Butrinti"]
[WhiteFideId "1800094"]
[BlackFideId "4700252"]
[EventDate "2016.11.06"]

1. d4 Nf6 2. Nf3 c5 3. d5 g6 4. c4 b5 5. cxb5 a6 6. b6 Qxb6 7. Nc3 d6 8. Nd2 Bg7
9. e4 Nbd7 10. Nc4 Qb8 11. Be2 Nb6 12. Ne3 Nbd7 13. O-O O-O 14. Bd2 a5 15. a4
Ne8 16. Ra3 Ba6 17. Rb3 Qd8 18. Nb5 Ndf6 19. Qc2 Bb7 20. Na3 Ba6 21. Nec4 Bxc4
22. Nxc4 e6 23. dxe6 fxe6 24. Bf3 Ra6 25. e5 Nd5 26. exd6 Nxd6 27. Nxd6 Qxd6 28.
Be2 Ra7 29. Rf3 Bd4 30. Rxf8+ Qxf8 31. Qe4 Qf7 32. Bg4 e5 33. Bf3 Ne7 34. Qc2
Kg7 35. b3 Nf5 36. Qc4 Qf6 37. Bd5 Nd6 38. Qd3 Nf5 39. Kh1 Ne7 40. Be4 Qe6 41.
Qc4 Qg4 42. f3 Qh5 43. Qb5 Ng8 44. Qb8 Rd7 45. Bxa5 Nf6 46. Qb5 Rf7 47. Bd3 Qg5
48. Bc4 Rf8 49. Qb7+ Kh6 50. Qe7 Re8 51. Qf7 Ra8 52. Be1 Nh5 53. g4 Nf6 54. h4
Qf4 55. Qxf6 Qxf6 56. g5+ Qxg5 57. hxg5+ Kxg5 58. Bd2+ Kf6 59. a5 Ra7 60. a6 Ke7
61. Kg2 Kd6 62. Bd3 g5 63. Rh1 c4 64. Rh6+ Kc5 65. Bxc4 Rg7 66. Bd3 g4 67. Rxh7
gxf3+ 68. Kxf3 Rxh7 69. Bxh7 Kb6 70. Bd3 Ka7 71. Be3 1-0